| 000 | 00494nam a2200181Ia 4500 | ||
|---|---|---|---|
| 008 | 220216s9999 xx 000 0 und d | ||
| 100 |
_aStradioto _BM F |
||
| 245 | 0 | _aOccurrence of Pseudocercospora heveae on rubber tree leaves | |
| 260 |
_bSumma Phytopathologica _c1992 |
||
| 300 | _a283-286 | ||
| 500 | _aSource Year: 1993 | ||
| 650 | _aFungal diseases | ||
| 650 | _aHevea brasiliensis | ||
| 650 | _aPseudocercrospora heveae | ||
| 700 | _aMuchovej J J | ||
| 856 | _uATA | ||
| 942 | _cJS | ||
| 999 |
_c64307 _d64307 |
||